| 000 | 00456nam a2200157Ia 4500 | ||
|---|---|---|---|
| 005 | 20240821160036.0 | ||
| 008 | 240821s9999||||xx |||||||||||||| ||und|| | ||
| 082 | _a372.21 BAY | ||
| 100 | _aMojdeh Bayat | ||
| 245 | 0 | _aAddressing challenging behaviours and mental health issues in early childhood | |
| 250 | _a2nd edition | ||
| 260 |
_aNew York _bRoutledge Publicaitons _c2020 |
||
| 300 | _a252 p. | ||
| 650 | _aEarly childhood education | ||
| 942 | _cBK | ||
| 999 |
_c144838 _d144838 |
||